[Event "European Youth Chess Championship B10"]
[Site "Prague, Top Hotel Prague"]
[Date "2016.08.25"]
[Round "7.37"]
[White "Larichev, Prokhor"]
[Black "Pistalovic, Slobodan"]
[Result "1-0"]
[WhiteElo "1585"]
[BlackElo "1458"]
[PlyCount "71"]
[EventDate "2016.08.18"]

1. e4 c6 2. d4 d5 3. Nc3 dxe4 4. Nxe4 Bf5 5. Ng3 Bg6 6. h4 h6 7. Nf3 Nd7 8. h5
Bh7 9. Bd3 Bxd3 10. Qxd3 e6 11. Bf4 Qa5+ 12. Bd2 Qc7 13. O-O-O Ngf6 14. Ne4
Nxe4 15. Qxe4 Nf6 16. Qe2 Bd6 17. g3 O-O-O 18. c4 c5 19. Be3 Qe7 20. Kb1 Rhe8
21. Rd2 a6 22. Kc1 cxd4 23. Nxd4 Bc5 24. Rhd1 Bxd4 25. Bxd4 Rd7 26. Bxf6 Rxd2
27. Qxd2 gxf6 28. Qxh6 f5 29. Qf4 Qc5 30. Rd2 Qc6 31. f3 Rh8 32. h6 b5 33. Rc2
Kd7 34. cxb5 Qxb5 35. Qd4+ Ke7 36. Rc7+ 1-0

[Event "European Youth Chess Championship B10"]
[Site "Prague, Top Hotel Prague"]
[Date "2016.08.25"]
[Round "7.38"]
[White "Kirushin, Ivan"]
[Black "Korsinskij, Nikolas"]
[Result "1-0"]
[WhiteElo "1571"]
[BlackElo "1442"]
[PlyCount "49"]
[EventDate "2016.08.18"]

1. e4 c5 2. Nc3 e6 3. d3 a6 4. g3 Nc6 5. Bg2 Nf6 6. Be3 Be7 7. Nge2 O-O 8. O-O
d5 9. exd5 exd5 10. Bg5 Be6 11. Nf4 d4 12. Bxf6 Bxf6 13. Ne4 Be7 14. Re1 Bf5
15. Nd2 Bd7 16. Nc4 b5 17. Ne5 Rc8 18. Nxd7 Qxd7 19. Bh3 f5 20. Bg2 Rfe8 21.
Bd5+ Kh8 22. Be6 Qd6 23. Qh5 g5 24. Bxf5 h6 25. Re6 1-0

[Event "European Youth Chess Championship B10"]
[Site "Prague, Top Hotel Prague"]
[Date "2016.08.25"]
[Round "7.39"]
[White "Yudin, Mikhail"]
[Black "Kienboeck, Benjamin"]
[Result "1-0"]
[WhiteElo "1530"]
[BlackElo "1434"]
[PlyCount "113"]
[EventDate "2016.08.18"]

1. e4 e5 2. Nf3 Nc6 3. d4 exd4 4. Nxd4 Bc5 5. Nb3 Bb6 6. Nc3 Nf6 7. Qe2 d6 8.
Be3 Bxe3 9. Qxe3 Qe7 10. O-O-O Bd7 11. f3 O-O-O 12. g4 h6 13. Bb5 Kb8 14. h4 a6
15. Be2 Be6 16. Nd4 Nxd4 17. Rxd4 Rd7 18. Rh2 h5 19. g5 Nh7 20. f4 Rhd8 21.
Bxh5 g6 22. Bf3 Bf5 23. Re2 Re8 24. Nd5 Qd8 25. Qf2 Be6 26. Nc3 Rh8 27. Re1 Qc8
28. Bg2 Rdd8 29. Rf1 c5 30. Rd2 Bc4 31. Rfd1 Qe6 32. a3 f6 33. Qf3 fxg5 34.
hxg5 Qc8 35. e5 d5 36. Nxd5 Bxd5 37. Rxd5 Rxd5 38. Qxd5 Rf8 39. Qd6+ Ka7 40.
Qxg6 Qc7 41. Qd6 Qxd6 42. exd6 b5 43. g6 Nf6 44. Bd5 Kb8 45. c4 Rd8 46. Bf7 Kc8
47. d7+ Kc7 48. Be6 Nh5 49. Rd5 Nxf4 50. Rxc5+ Kd6 51. Rc8 Nxe6 52. Rxd8 Nxd8
53. g7 Kxd7 54. g8=Q bxc4 55. Qxc4 a5 56. Qa4+ Kd6 57. Qxa5 1-0

[Event "European Youth Chess Championship B10"]
[Site "Prague, Top Hotel Prague"]
[Date "2016.08.25"]
[Round "7.40"]
[White "Damjanovic, Vuk"]
[Black "Brass, Ezra"]
[Result "1/2-1/2"]
[WhiteElo "1412"]
[BlackElo "1529"]
[PlyCount "63"]
[EventDate "2016.08.18"]

1. d4 Nf6 2. c4 e6 3. Nf3 b6 4. g3 Ba6 5. Nbd2 Bb7 6. Bg2 c5 7. O-O cxd4 8.
Nxd4 Bxg2 9. Kxg2 Be7 10. N2f3 O-O 11. b3 Na6 12. Bb2 Nc5 13. e3 Rc8 14. Qe2 a6
15. Rfd1 Qc7 16. Rac1 Qb7 17. Kg1 Nce4 18. Nd2 Bb4 19. Nxe4 Nxe4 20. Nc2 Ng5
21. e4 Be7 22. f3 f5 23. h4 Nf7 24. exf5 Nh6 25. Qe4 Bc5+ 26. Kh1 Qxe4 27. fxe4
exf5 28. Rxd7 Rf7 29. Rxf7 Kxf7 30. Rf1 Rd8 31. Bc3 Rd3 32. Be1 1/2-1/2

[Event "European Youth Chess Championship B10"]
[Site "Prague, Top Hotel Prague"]
[Date "2016.08.25"]
[Round "7.42"]
[White "Juchelka, Marek"]
[Black "Zachary, Bastian"]
[Result "1-0"]
[WhiteElo "1362"]
[BlackElo "1621"]
[PlyCount "51"]
[EventDate "2016.08.18"]

1. e4 e5 2. Nf3 Nc6 3. Bb5 a6 4. Ba4 Nf6 5. O-O b5 6. Bb3 Bc5 7. Re1 O-O 8. c3
d6 9. h3 h6 10. d4 Bb6 11. Be3 Re8 12. dxe5 Nxe5 13. Bxb6 cxb6 14. Nbd2 Bb7 15.
Qe2 Ned7 16. Qd1 Qc7 17. Bc2 Nc5 18. Qb1 Re7 19. Nd4 Rae8 20. Nf5 Rd7 21. f3
Ne6 22. Qc1 Qc5+ 23. Kh1 Qe5 24. c4 Nd4 25. f4 Qxf4 26. cxb5 1-0

[Event "European Youth Chess Championship B10"]
[Site "Prague, Top Hotel Prague"]
[Date "2016.08.25"]
[Round "7.43"]
[White "Akin, Yagiz Cinar"]
[Black "Fatalizade, Murad"]
[Result "1-0"]
[WhiteElo "1607"]
[BlackElo "1440"]
[PlyCount "97"]
[EventDate "2016.08.18"]

1. e4 c5 2. c3 d5 3. exd5 Qxd5 4. d4 Nf6 5. Nf3 Bg4 6. Be2 e6 7. Na3 cxd4 8.
Nb5 Na6 9. Nbxd4 Nc5 10. O-O a6 11. b4 Nce4 12. Qa4+ Qd7 13. Bb5 axb5 14. Qxa8+
Qd8 15. Qxd8+ Kxd8 16. Ne5 Ke8 17. f3 Nxc3 18. Nxg4 Nxg4 19. fxg4 Bxb4 20. Nc2
Be7 21. Ba3 Bf6 22. Kh1 Ne4 23. Rad1 Nc3 24. Rd3 Nd5 25. Ne3 Nxe3 26. Rxe3 h5
27. Rh3 h4 28. Rb3 Bd4 29. Rxb5 b6 30. Rd1 Be3 31. Rb3 Bf2 32. Rbd3 f6 33. Rd8+
Kf7 34. Rxh8 f5 35. Rd7+ Kg6 36. Rg8 Kf6 37. Bb2+ Kg5 38. Rgxg7+ Kf4 39. gxf5
exf5 40. g3+ hxg3 41. hxg3+ Ke4 42. Kg2 Bc5 43. Rg8 f4 44. Re8+ Kf5 45. Rf7+
Kg6 46. Rf6+ Kg5 47. Rg8+ Kh5 48. g4+ Kh4 49. Rh6# 1-0

[Event "European Youth Chess Championship B10"]
[Site "Prague, Top Hotel Prague"]
[Date "2016.08.25"]
[Round "7.44"]
[White "Bobkov, Timofey"]
[Black "Stevanovic, Jovan"]
[Result "1-0"]
[WhiteElo "1243"]
[BlackElo "1584"]
[PlyCount "71"]
[EventDate "2016.08.18"]

1. e4 e5 2. Nf3 Nc6 3. Bc4 Nf6 4. Ng5 d5 5. exd5 Na5 6. Bb5+ c6 7. dxc6 bxc6 8.
Be2 Bd6 9. d3 O-O 10. O-O Bf5 11. Bd2 Rb8 12. b3 h6 13. Nf3 c5 14. Nc3 Nc6 15.
Nh4 Be6 16. f4 Nd4 17. fxe5 Bxe5 18. Nf3 Nxf3+ 19. Bxf3 Bd4+ 20. Kh1 Nd5 21.
Bxd5 Bxd5 22. Rb1 Ba8 23. Qg4 Rb6 24. Ne4 Rg6 25. Qf5 Re8 26. Qxf7+ Kh7 27.
Rbe1 Re7 28. Qf5 Qc7 29. Qf8 Qb7 30. c3 Rxe4 31. dxe4 Bf6 32. Qxc5 Qd7 33. Rf2
Bh4 34. g3 Qg4 35. Rf4 Qh5 36. Qxh5 1-0

[Event "European Youth Chess Championship B10"]
[Site "Prague, Top Hotel Prague"]
[Date "2016.08.25"]
[Round "7.45"]
[White "Djurovic, Peko"]
[Black "Stefanou, Dimitrios"]
[Result "1/2-1/2"]
[WhiteElo "1577"]
[BlackElo "1439"]
[PlyCount "68"]
[EventDate "2016.08.18"]

1. e4 e5 2. Nf3 Nc6 3. Bb5 a6 4. Ba4 Nf6 5. d4 exd4 6. e5 Nd5 7. O-O Be7 8.
Nxd4 Nb6 9. Nf5 Bf8 10. Bb3 g6 11. Nh6 Bxh6 12. Bxh6 Ne7 13. Qf3 d5 14. exd6
Nf5 15. Re1+ Be6 16. Bxe6 fxe6 17. dxc7 Qxc7 18. Bf4 Qf7 19. Qb3 Nc8 20. Rxe6+
Nce7 21. Rb6 Qxb3 22. Rxb3 Nd4 23. Nc3 Nxb3 24. axb3 O-O-O 25. Na4 Nd5 26. Bg3
Nc7 27. Nb6+ Kb8 28. Bf4 Rhf8 29. g3 Rf7 30. Ra5 Ka7 31. Be3 Kb8 32. Bf4 Ka7
33. Be3 Kb8 34. Re5 Nb5 1/2-1/2

[Event "European Youth Chess Championship B10"]
[Site "Prague, Top Hotel Prague"]
[Date "2016.08.25"]
[Round "7.46"]
[White "Akulov, Mikhail"]
[Black "Vergara, Anton Diego"]
[Result "0-1"]
[WhiteElo "1542"]
[BlackElo "1436"]
[PlyCount "132"]
[EventDate "2016.08.18"]

1. e4 c5 2. Nf3 e6 3. c3 Nf6 4. e5 Nd5 5. d4 cxd4 6. cxd4 Nc6 7. Nc3 Nb6 8. d5
exd5 9. Nxd5 Nxd5 10. Qxd5 Bb4+ 11. Bd2 Qe7 12. O-O-O O-O 13. Bd3 Bxd2+ 14.
Rxd2 Nb4 15. Qe4 Nxd3+ 16. Qxd3 a6 17. h4 h6 18. g4 b5 19. Qd6 Qxd6 20. Rxd6
Bb7 21. Rh3 Rac8+ 22. Kd2 Rc7 23. Nd4 Rfc8 24. Rc3 Rxc3 25. bxc3 Rc7 26. f4 Kf8
27. g5 hxg5 28. hxg5 g6 29. Kd3 Ke7 30. Ne2 Rc4 31. Rd4 Bf3 32. Ng1 Rxd4+ 33.
Kxd4 Bc6 34. Ne2 Ke6 35. Ng3 d6 36. Ne4 Bxe4 37. Kxe4 d5+ 38. Kd4 Kf5 39. Kxd5
Kxf4 40. Kc5 Kxg5 41. Kb6 Kf5 42. Kxa6 g5 43. Kxb5 g4 44. c4 g3 45. c5 g2 46.
c6 g1=Q 47. c7 Qc1 48. Kb6 Qb2+ 49. Kc6 Qc3+ 50. Kd7 Qd4+ 51. Kc6 Qc4+ 52. Kd7
Qd5+ 53. Ke7 Qxe5+ 54. Kd7 Qe6+ 55. Kd8 Qd6+ 56. Kc8 Ke5 57. Kb7 Qb4+ 58. Ka6
Qc5 59. Kb7 Qb5+ 60. Ka7 Qc6 61. Kb8 Qb6+ 62. Ka8 Qxc7 63. a4 Kd6 64. a5 Kc6
65. a6 Kd5 66. a7 Qc8# 0-1

[Event "European Youth Chess Championship B10"]
[Site "Prague, Top Hotel Prague"]
[Date "2016.08.25"]
[Round "7.47"]
[White "Graf, Simon"]
[Black "Yudin, Yakov"]
[Result "1/2-1/2"]
[WhiteElo "1527"]
[BlackElo "1407"]
[PlyCount "62"]
[EventDate "2016.08.18"]

1. e4 c5 2. Nf3 d6 3. d4 cxd4 4. Nxd4 Nf6 5. Nc3 a6 6. f3 e5 7. Nb3 Be7 8. Be3
Be6 9. Qd2 Nbd7 10. g4 O-O 11. O-O-O b5 12. h4 b4 13. Ne2 a5 14. h5 a4 15. Na1
Qb8 16. g5 Ne8 17. g6 b3 18. h6 fxg6 19. hxg7 Rf7 20. Nc3 Rxg7 21. Bb5 bxa2 22.
Bxd7 Bxd7 23. Qd5+ Kh8 24. Bh6 Nf6 25. Bxg7+ Kxg7 26. Qd2 Be6 27. Nd5 Bxd5 28.
exd5 Bf8 29. Rh4 a3 30. Qb4 axb2+ 31. Kxb2 Qa7 1/2-1/2

[Event "European Youth Chess Championship B10"]
[Site "Prague, Top Hotel Prague"]
[Date "2016.08.25"]
[Round "7.49"]
[White "Jishkariani, Erekle"]
[Black "Sahinoz, Giulio O"]
[Result "1-0"]
[WhiteElo "1505"]
[BlackElo "1385"]
[PlyCount "51"]
[EventDate "2016.08.18"]

1. c4 e5 2. Nc3 Nc6 3. Nf3 f5 4. d4 exd4 5. Nxd4 Nxd4 6. Qxd4 Nf6 7. Bf4 d6 8.
g3 Be7 9. Bg2 O-O 10. O-O Kh8 11. Rac1 Nd7 12. Nd5 Bf6 13. Nxf6 Nxf6 14. Rfd1
Qe7 15. c5 dxc5 16. Rxc5 Ne8 17. Re5 Qf7 18. Qe3 Nf6 19. Re7 Qxa2 20. Rxc7 Qa4
21. Rd4 Qa1+ 22. Bf1 Qxb2 23. Qe7 Rg8 24. Be5 Ne8 25. Rg4 Nxc7 26. Rxg7 1-0

[Event "European Youth Chess Championship B10"]
[Site "Prague, Top Hotel Prague"]
[Date "2016.08.25"]
[Round "7.50"]
[White "Kanli, Alperen"]
[Black "Stefanou, Konstantinos"]
[Result "1-0"]
[WhiteElo "1470"]
[BlackElo "1357"]
[PlyCount "67"]
[EventDate "2016.08.18"]

1. d4 Nf6 2. c4 e6 3. Nc3 d5 4. Bg5 Be7 5. e3 c6 6. cxd5 exd5 7. Bd3 Nbd7 8.
Qc2 h6 9. Bh4 O-O 10. Nf3 Re8 11. O-O b6 12. Rac1 c5 13. Bb5 a6 14. Bc6 Rb8 15.
Bg3 Bb7 16. Bxd7 Nxd7 17. Bxb8 Qxb8 18. Rfd1 Nf6 19. Ne5 Bd6 20. f4 Qc7 21. Qa4
Qd8 22. Qc2 Qc7 23. Ne2 Qb8 24. Ng3 Bc8 25. Nf5 cxd4 26. Nxd6 Qxd6 27. exd4 Bg4
28. Re1 Qb4 29. Qc3 Qb5 30. Nxg4 Rxe1+ 31. Rxe1 Nxg4 32. Qc8+ Kh7 33. Qf5+ Kg8
34. Qxg4 1-0

[Event "European Youth Chess Championship B10"]
[Site "Prague, Top Hotel Prague"]
[Date "2016.08.25"]
[Round "7.51"]
[White "Korsinskij, Marek"]
[Black "Scurtu, Alexandr"]
[Result "1/2-1/2"]
[WhiteElo "1468"]
[BlackElo "1335"]
[PlyCount "84"]
[EventDate "2016.08.18"]

1. e4 e5 2. Nf3 Nc6 3. d4 exd4 4. Nxd4 Bc5 5. Nb3 Bb6 6. a4 a6 7. Nc3 d6 8. Bc4
Nf6 9. Bg5 Ne5 10. Be2 Be6 11. f4 Nc6 12. a5 Be3 13. Nd2 h6 14. Bxf6 Qxf6 15.
f5 Bd7 16. Nd5 Bxd2+ 17. Qxd2 Qd8 18. O-O Ne5 19. Ra3 Bc6 20. f6 Bxd5 21. fxg7
Rg8 22. exd5 Qg5 23. Qxg5 hxg5 24. Rb3 O-O-O 25. Rf5 Rxg7 26. Rg3 Rdg8 27. Bg4
Kb8 28. Be2 Kc8 29. c4 Nd7 30. Bg4 Kb8 31. Bh5 Ne5 32. c5 Kc8 33. cxd6 cxd6 34.
Rf6 Rd8 35. Bg4+ Kb8 36. Be2 Kc7 37. Rc3+ Kd7 38. Rb3 Ke7 39. Rf1 Rd7 40. Ra1
f5 41. Ra4 Rh7 42. Rab4 Kf6 1/2-1/2

[Event "European Youth Chess Championship B10"]
[Site "Prague, Top Hotel Prague"]
[Date "2016.08.25"]
[Round "7.55"]
[White "Andreev, Konstantin"]
[Black "Gres, Michal"]
[Result "0-1"]
[WhiteElo "1206"]
[BlackElo "1452"]
[PlyCount "38"]
[EventDate "2016.08.18"]

1. e4 e5 2. Nf3 Nc6 3. d4 exd4 4. Nxd4 Bc5 5. Be3 Qf6 6. c3 Nge7 7. Bc4 d6 8.
O-O Be6 9. Nxe6 fxe6 10. Bxc5 dxc5 11. Qh5+ Ng6 12. Qxc5 O-O-O 13. b4 Nge5 14.
Na3 g5 15. Nc2 h5 16. a4 g4 17. a5 h4 18. b5 Ne7 19. Qe3 Nxc4 {NR} 0-1

[Event "European Youth Chess Championship B10"]
[Site "Prague, Top Hotel Prague"]
[Date "2016.08.25"]
[Round "7.56"]
[White "Weissenhofer, Jonas"]
[Black "Zlatkov, Anton"]
[Result "1-0"]
[WhiteElo "1402"]
[BlackElo "1196"]
[PlyCount "63"]
[EventDate "2016.08.18"]

1. e4 e5 2. Nf3 Nc6 3. Bb5 a6 4. Ba4 Nf6 5. d3 Be7 6. O-O b5 7. Bb3 O-O 8. Re1
d6 9. c3 Bb7 10. Nbd2 h6 11. Nf1 Nh7 12. Ne3 Kh8 13. Nf5 Bf6 14. d4 Ne7 15.
dxe5 dxe5 16. Qxd8 Raxd8 17. Nxe7 Bxe7 18. Nxe5 Kg8 19. Ng6 Rfe8 20. f4 Bc5+
21. Be3 Bxe3+ 22. Rxe3 Bxe4 23. Ne5 Bd5 24. Rae1 Bxb3 25. axb3 Nf6 26. R1e2 Nd7
27. Nc6 Rxe3 28. Rxe3 Ra8 29. Re7 Nc5 30. Rxc7 Nxb3 31. Kf2 Rd8 32. Nxd8 1-0

[Event "European Youth Chess Championship B10"]
[Site "Prague, Top Hotel Prague"]
[Date "2016.08.25"]
[Round "7.57"]
[White "Sustek, Adam"]
[Black "Shelukhin, Ivan"]
[Result "1-0"]
[WhiteElo "1368"]
[BlackElo "1158"]
[PlyCount "65"]
[EventDate "2016.08.18"]

1. e4 e5 2. Nf3 Nc6 3. Bc4 Bc5 4. c3 Nf6 5. d3 d6 6. a4 a5 7. Bg5 h6 8. Bh4 Be6
9. Bxe6 fxe6 10. Qb3 Qc8 11. Nbd2 O-O 12. O-O Ne7 13. h3 Ng6 14. Rfe1 Nxh4 15.
Nxh4 Nh5 16. Ng6 Bxf2+ 17. Kh1 Qe8 18. Nxf8 Bxe1 19. Rxe1 Kxf8 20. Qxb7 Qb8 21.
Qc6 Qxb2 22. Qxa8+ Ke7 23. Nc4 Qxc3 24. Qxa5 Qxd3 25. Qxc7+ Kf6 26. Nxd6 Qg3
27. Rf1+ Kg6 28. Qf7+ Kg5 29. Qf3 Kg6 30. Qxg3+ Nxg3+ 31. Kg1 Nxf1 32. Kxf1 Kf6
33. a5 1-0

[Event "European Youth Chess Championship B10"]
[Site "Prague, Top Hotel Prague"]
[Date "2016.08.25"]
[Round "7.59"]
[White "Davidov, Lazar"]
[Black "Tajovsky, Simon"]
[Result "1-0"]
[WhiteElo "1292"]
[BlackElo "1106"]
[PlyCount "59"]
[EventDate "2016.08.18"]

 1. d4 Nf6 2. Nf3 e6 3. Nbd2 d5 4. e3 b6 5.
Bd3 Bb7 6. O-O Be7 7. Qe2 Ne4 8. c3 O-O 9. Bc2 c5 10. Nxe4 dxe4 11. Nd2 Ba6 12.
c4 cxd4 13. Bxe4 d3 14. Qd1 Nd7 15. Bxa8 Qxa8 16. b3 Bf6 17. Rb1 Qc6 18. Nf3
Bb7 19. Re1 Bc3 20. Bd2 Bxd2 21. Qxd2 Ne5 22. e4 Nxf3+ 23. gxf3 f5 24. Qxd3
fxe4 25. Qxe4 Qc7 26. Qxe6+ Kh8 27. Qe7 Qxe7 28. Rxe7 Bxf3 29. Rbe1 Bc6 30.
R1e6 1-0

[Event "European Youth Chess Championship B10"]
[Site "Prague, Top Hotel Prague"]
[Date "2016.08.25"]
[Round "7.60"]
[White "Simon, Leonard"]
[Black "Thorisson, Benedikt"]
[Result "1-0"]
[WhiteElo "1135"]
[BlackElo "1265"]
[PlyCount "75"]
[EventDate "2016.08.18"]

1. e4 c5 2. Nf3 e6 3. d4 cxd4 4. Nxd4 Nc6 5. Nxc6 bxc6 6. Nc3 Bb7 7. Bf4 Bb4 8.
Qd4 Bxc3+ 9. Qxc3 Nf6 10. Bg5 c5 11. e5 Nd5 12. Qg3 Qa5+ 13. Bd2 Qb6 14. b3 g6
15. Bc4 Nb4 16. Bxb4 Qxb4+ 17. c3 Qa5 18. O-O O-O 19. Rfe1 Qb6 20. Qh4 Qc6 21.
Bf1 Rfd8 22. Re3 d6 23. exd6 Rxd6 24. Rh3 h5 25. Rg3 Kh7 26. Qe7 Rd7 27. Qg5
Rad8 28. Be2 Qd6 29. h3 Qd2 30. Qxd2 Rxd2 31. Bc4 Rc2 32. Bd3 Rxc3 33. Bxg6+
fxg6 34. Rxc3 Rc8 35. Rac1 Kg7 36. Rxc5 Rxc5 37. Rxc5 a6 38. Rc7+ 1-0

[Event "European Youth Chess Championship B10"]
[Site "Prague, Top Hotel Prague"]
[Date "2016.08.25"]
[Round "7.61"]
[White "Gotsiridze, Davit"]
[Black "Springis, Jevgenijs"]
[Result "1-0"]
[WhiteElo "1075"]
[BlackElo "1261"]
[PlyCount "116"]
[EventDate "2016.08.18"]

1. Nf3 e6 2. g3 b6 3. Bg2 Bb7 4. O-O Nf6 5. Nc3 d5 6. d4 c5 7. Bg5 Be7 8. Re1
Nbd7 9. e3 h6 10. Bf4 g5 11. Be5 Nxe5 12. Nxe5 a6 13. a3 Qc7 14. Qd2 Bd6 15.
Nf3 b5 16. dxc5 Bxc5 17. b4 Bd6 18. Rab1 Rc8 19. Rb3 Ne4 20. Nxe4 dxe4 21. Nd4
Bd5 22. Rb2 Qc3 23. Qxc3 Rxc3 24. Ra1 Ke7 25. a4 e5 26. Nf5+ Ke6 27. Bh3 h5 28.
Nd4+ Kf6 29. Ne2 Rc4 30. axb5 axb5 31. Rd1 g4 32. Rxd5 gxh3 33. Rxd6+ Ke7 34.
Rd5 Ra8 35. Rb1 Ra4 36. c3 Rc6 37. Rbd1 Ke6 38. Kf1 Rca6 39. Ng1 Ra1 40. Nxh3
f6 41. Ng1 R6a3 42. Ne2 Rxd1+ 43. Rxd1 Rb3 44. Ke1 f5 45. Rc1 Kf6 46. Rc2 Kg5
47. Nc1 Ra3 48. c4 bxc4 49. Rxc4 Ra4 50. Kd2 Kg4 51. h4 Kf3 52. Ke1 Kg2 53. Ke2
Kh3 54. Nb3 Ra3 55. Nd2 Ra2 56. Rc5 Rb2 57. Rxe5 Kg4 58. b5 Rb4 1-0

[Event "European Youth Chess Championship B10"]
[Site "Prague, Top Hotel Prague"]
[Date "2016.08.25"]
[Round "7.63"]
[White "Thoreux-Josso, Aaron"]
[Black "Cerny, Michal"]
[Result "0-1"]
[WhiteElo "1124"]
[BlackElo "1309"]
[PlyCount "96"]
[EventDate "2016.08.18"]

1. e4 e5 2. Nf3 Nc6 3. Bc4 Bc5 4. b4 Bxb4 5. c3 Ba5 6. d4 exd4 7. O-O Nf6 8.
Qb3 O-O 9. Bg5 d6 10. cxd4 Qe7 11. Nc3 Bxc3 12. Qxc3 h6 13. Bh4 Qxe4 14. Bxf6
gxf6 15. d5 Ne5 16. Nxe5 Qxe5 17. Qd2 Qg5 18. f4 Qg6 19. Bd3 Bf5 20. Bxf5 Qxf5
21. Rf3 Kh7 22. Re1 Rfe8 23. Ref1 Re7 24. Rh3 Rg8 25. Rff3 a6 26. Rhg3 Rxg3 27.
Rxg3 Qe4 28. Kf2 c6 29. dxc6 bxc6 30. Rd3 d5 31. Rc3 Re6 32. Ra3 c5 33. Ra5 Rc6
34. Qc1 c4 35. Qe1 Qxe1+ 36. Kxe1 d4 37. Ra4 d3 38. Kd1 Kg6 39. g4 f5 40. h3
fxg4 41. hxg4 f5 42. gxf5+ Kxf5 43. Ra5+ Kxf4 44. Rh5 c3 45. Rd5 Ke4 46. Rd8 h5
47. Rh8 c2+ 48. Kc1 d2+ 0-1

[Event "European Youth Chess Championship B10"]
[Site "Prague, Top Hotel Prague"]
[Date "2016.08.25"]
[Round "7.64"]
[White "Dieguez, Novoa Benjamin"]
[Black "Kanak, Matyas"]
[Result "0-1"]
[WhiteElo "1068"]
[BlackElo "1222"]
[PlyCount "106"]
[EventDate "2016.08.18"]

1. e4 c5 2. Nf3 e6 3. d4 cxd4 4. Nxd4 Nc6 5. Nf3 Nf6 6. Nc3 Bb4 7. Bd3 O-O 8.
Bd2 a6 9. O-O Qc7 10. a3 Be7 11. Re1 d6 12. Bf4 e5 13. Be3 Bg4 14. h3 Bh5 15.
Be2 Bg6 16. Bd3 Rad8 17. Nd5 Nxd5 18. exd5 Nb8 19. a4 e4 20. Bxe4 Bxe4 21. c3
Bf6 22. a5 Nd7 23. Nd2 Bxd5 24. Qg4 Ne5 25. Qg3 Qc6 26. Bh6 Ng6 27. Be3 Be5 28.
f4 Bf6 29. b3 Rfe8 30. Bd4 Bxd4+ 31. cxd4 Qc2 32. Red1 Re2 33. Kf1 Rde8 34. Nf3
Qe4 35. Re1 Rxe1+ 36. Rxe1 Qd3+ 37. Kf2 Rxe1 38. Kxe1 Qe3+ 39. Kf1 Bxf3 40.
gxf3 Qxf4 41. Qe1 Qxf3+ 42. Kg1 h6 43. Qe8+ Nf8 44. Kh2 Qxb3 45. Qb8 Qc2+ 46.
Kg3 Qc3+ 47. Kg2 Qc6+ 48. Kg3 Qd7 49. Kg2 Qe7 50. Kf2 Kh7 51. Qc8 Ne6 52. Qc2+
g6 53. Qe2 Qf6+ 0-1

[Event "European Youth Chess Championship B10"]
[Site "Prague, Top Hotel Prague"]
[Date "2016.08.25"]
[Round "7.68"]
[White "Michaelides, Alexandros"]
[Black "Ruggiero, Alessandro"]
[Result "1-0"]
[WhiteElo "1177"]
[BlackElo "1102"]
[PlyCount "55"]
[EventDate "2016.08.18"]

1. d4 d5 2. Nf3 Nf6 3. e3 Bf5 4. Bd3 Bxd3 5. Qxd3 e6 6. Nbd2 c5 7. c3 Nc6 8.
O-O c4 9. Qc2 Bd6 10. e4 dxe4 11. Nxe4 Nxe4 12. Qxe4 O-O 13. Qg4 Kh8 14. Bf4
Bxf4 15. Qxf4 Ne7 16. Rfe1 Ng6 17. Qe4 b5 18. Rad1 Qb6 19. Ne5 Nxe5 20. dxe5
Rad8 21. h3 Rxd1 22. Rxd1 Rd8 23. Rxd8+ Qxd8 24. Qb7 g6 25. Qxf7 Qg8 26. Qxa7
Qg7 27. Qc5 Qb7 28. Qf8# 1-0

[Event "European Youth Chess Championship B10"]
[Site "Prague, Top Hotel Prague"]
[Date "2016.08.26"]
[Round "8.1"]
[White "Vasilyev, Alexey"]
[Black "Ponomarev, Grigori"]
[Result "0-1"]
[WhiteElo "1838"]
[BlackElo "1978"]
[PlyCount "104"]
[EventDate "2016.08.18"]

1. e4 e6 2. d4 d5 3. exd5 exd5 4. Bd3 Bd6 5. Nf3 Ne7 6. O-O O-O 7. h3 Bf5 8.
Re1 Bg6 9. Nc3 c6 10. Ne2 Nd7 11. Bf4 Nf6 12. Be5 Bxd3 13. Qxd3 Ng6 14. Ng3 Re8
15. Re3 Bxe5 16. dxe5 d4 17. Ree1 Nd7 18. e6 Rxe6 19. Rxe6 Nc5 20. Re8+ Qxe8
21. Qxd4 Ne6 22. Qc3 Qd7 23. Re1 Qd5 24. Re2 Qxa2 25. Nf5 Qd5 26. Re5 Qd1+ 27.
Re1 Qd5 28. Re5 Qd7 29. Re2 Ne7 30. Ne5 Nf4 31. Nxe7+ Qxe7 32. Re1 Re8 33. Qc4
Nd5 34. Nf3 Qd8 35. Rxe8+ Qxe8 36. Qa4 a6 37. c4 Nf6 38. Qb4 b5 39. Qa5 Qc8 40.
c5 h6 41. Ne5 Nd5 42. Qd2 Qe6 43. Qd4 a5 44. Nd3 b4 45. Ne5 Qf6 46. Qe4 a4 47.
Nc4 g6 48. Nb6 a3 49. Nc4 a2 50. Qe8+ Kg7 51. Qa8 b3 52. Nd2 Qxb2 0-1

[Event "European Youth Chess Championship B10"]
[Site "Prague, Top Hotel Prague"]
[Date "2016.08.26"]
[Round "8.2"]
[White "Stalmach, Richard"]
[Black "Siniauski, Artsiom"]
[Result "1-0"]
[WhiteElo "1735"]
[BlackElo "1840"]
[PlyCount "167"]
[EventDate "2016.08.18"]

1. d4 Nf6 2. c4 c6 3. Nc3 d5 4. cxd5 cxd5 5. Bf4 g6 6. e3 Bg7 7. Bd3 O-O 8. h3
Nc6 9. Nf3 a6 10. O-O e6 11. Rc1 Re8 12. Na4 Nd7 13. Qb3 e5 14. dxe5 Ndxe5 15.
Nxe5 Bxe5 16. Bxe5 Nxe5 17. Be2 b5 18. Nc5 Nc4 19. Rfd1 Qg5 20. Bf3 Be6 21.
Nxe6 fxe6 22. Qc3 Rf8 23. Bg4 Rae8 24. b3 Nd6 25. Qc6 Qe5 26. Qb6 Rb8 27. Qd4
Qf6 28. Qxf6 Rxf6 29. Rc6 Rd8 30. Rxa6 h5 31. Be2 Ne4 32. f3 Nc3 33. Rd2 Kg7
34. Rc6 Nxe2+ 35. Rxe2 e5 36. Rc5 b4 37. Rb5 d4 38. Rxb4 Rc6 39. exd4 exd4 40.
Rd2 d3 41. Rc4 Rxc4 42. bxc4 Kf6 43. Kf2 Ke5 44. Ke3 Rd4 45. Rxd3 Rxc4 46. Ra3
Rc2 47. f4+ Ke6 48. Kf3 Rc1 49. Kg3 Rc2 50. Kf3 Rc1 51. g4 hxg4+ 52. hxg4 Rf1+
53. Kg3 Kf6 54. Ra6+ Kg7 55. a4 g5 56. f5 Rg1+ 57. Kf3 Rf1+ 58. Kg2 Ra1 59.
Rg6+ Kf7 60. Rxg5 Rxa4 61. Kg3 Ra1 62. Rg6 Ra5 63. Kh4 Ra2 64. Kg5 Ra1 65. Rb6
Ra7 66. Rh6 Kg7 67. Rb6 Kf7 68. Kh6 Ra1 69. Kg5 Ra7 70. Re6 Rc7 71. Kf4 Ra7 72.
g5 Ra4+ 73. Re4 Ra1 74. g6+ Kf6 75. Re6+ Kg7 76. Re7+ Kf8 77. f6 Rf1+ 78. Ke5
Re1+ 79. Kd6 Rd1+ 80. Kc5 Rc1+ 81. Kd4 Rd1+ 82. Kc3 Rc1+ 83. Kd2 Rc8 84. Rh7
1-0

[Event "European Youth Chess Championship B10"]
[Site "Prague, Top Hotel Prague"]
[Date "2016.08.26"]
[Round "8.3"]
[White "Makoveev, Ilya"]
[Black "Davtyan, Arsen"]
[Result "1/2-1/2"]
[WhiteElo "2186"]
[BlackElo "1752"]
[PlyCount "59"]
[EventDate "2016.08.18"]

1. b3 Nf6 2. Bb2 e6 3. e3 d5 4. Nf3 Bd6 5. c4 c6 6. Be2 O-O 7. O-O Nbd7 8. d3
b6 9. Nbd2 Bb7 10. Qc2 Rc8 11. Rfd1 Qc7 12. Rac1 Qb8 13. Qb1 Rfd8 14. Qa1 c5
15. cxd5 exd5 16. d4 Be7 17. dxc5 bxc5 18. Nf1 Bd6 19. Ng3 Bxg3 20. hxg3 Re8
21. Bb5 Bc6 22. Bxc6 Rxc6 23. Nd4 cxd4 24. Rxc6 dxe3 25. Bd4 exf2+ 26. Bxf2 Ne5
27. Rc2 Neg4 28. Qd4 Ne4 29. Be1 Qd6 30. Qa4 1/2-1/2

[Event "European Youth Chess Championship B10"]
[Site "Prague, Top Hotel Prague"]
[Date "2016.08.26"]
[Round "8.4"]
[White "Yoon, Jacob D"]
[Black "Murzin, Volodar"]
[Result "0-1"]
[WhiteElo "1823"]
[BlackElo "2080"]
[PlyCount "56"]
[EventDate "2016.08.18"]

1. e4 c5 2. Nf3 d6 3. d4 cxd4 4. Nxd4 Nf6 5. Nc3 a6 6. Be2 e5 7. Nb3 Be7 8. Be3
Be6 9. O-O O-O 10. f4 exf4 11. Rxf4 Ne8 12. Rf2 Bg5 13. Bxg5 Qxg5 14. Nd4 Nc6
15. Nxc6 bxc6 16. Qd4 Rb8 17. b3 a5 18. Bc4 Bxc4 19. Qxc4 Nf6 20. Qd3 Qc5 21.
Na4 Qe5 22. Re1 Ng4 23. g3 Nxf2 24. Kxf2 f5 25. Kg2 d5 26. Nc5 fxe4 27. Qe3 d4
28. Nd7 Qd5 0-1